The impact of VLBI on astrophysics and geophysics (Record no. 9382)
[ view plain ]
| 000 -LEADER | |
|---|---|
| fixed length control field | 00722nam a2200229Ia 4500 |
| 003 - CONTROL NUMBER IDENTIFIER | |
| control field | IN-BaIIA |
| 008 - FIXED-LENGTH DATA ELEMENTS--GENERAL INFORMATION | |
| fixed length control field | 211028s9999 xx 000 0 eng d |
| 020 ## - INTERNATIONAL STANDARD BOOK NUMBER | |
| International Standard Book Number | 90-277-2705-8 |
| 040 ## - CATALOGING SOURCE | |
| Transcribing agency | IIA Library |
| 080 ## - UNIVERSAL DECIMAL CLASSIFICATION NUMBER | |
| Universal Decimal Classification number | 082.2:52 |
| Item number | IAU-S129 |
| 245 #4 - TITLE STATEMENT | |
| Title | The impact of VLBI on astrophysics and geophysics |
| Statement of responsibility, etc. | edited by M. J. Reid and J. M. Moran |
| 260 ## - PUBLICATION, DISTRIBUTION, ETC. | |
| Place of publication, distribution, etc. | Dordrecht |
| Name of publisher, distributor, etc. | Kluwer Academic |
| Date of publication, distribution, etc. | 1988 |
| 300 ## - PHYSICAL DESCRIPTION | |
| Extent | xxx, 599p. |
| 490 ## - SERIES STATEMENT | |
| Series statement | IAU Symposium; no. 129 |
| 650 ## - SUBJECT ADDED ENTRY--TOPICAL TERM | |
| Topical term or geographic name entry element | Astronomy and Astrophysics thesaurus |
| 650 ## - SUBJECT ADDED ENTRY--TOPICAL TERM | |
| Topical term or geographic name entry element | Geophysics |
| 9 (RLIN) | 54 |
| 650 ## - SUBJECT ADDED ENTRY--TOPICAL TERM | |
| Topical term or geographic name entry element | Radio astrophysics |
| 9 (RLIN) | 15793 |
| 650 ## - SUBJECT ADDED ENTRY--TOPICAL TERM | |
| Topical term or geographic name entry element | Verylong raseline interferometry |
| 9 (RLIN) | 15794 |
| 700 ## - ADDED ENTRY--PERSONAL NAME | |
| Personal name | Moran, J. M., ed. |
| 9 (RLIN) | 15795 |
| 700 ## - ADDED ENTRY--PERSONAL NAME | |
| Personal name | Reid, M. J., ed. |
| 9 (RLIN) | 15796 |
| 942 ## - ADDED ENTRY ELEMENTS (KOHA) | |
| Koha item type | Books |
| Withdrawn status | Lost status | Damaged status | Not for loan | Home library | Current library | Shelving location | Date acquired | Total Checkouts | Full call number | Barcode | Date last seen | Price effective from | Koha item type |
|---|---|---|---|---|---|---|---|---|---|---|---|---|---|
| IIA Library-Bangalore | IIA Library-Bangalore | General Stacks | 082.2:52/ IAU-S129 | 10292 | 05/11/2021 | Books |